| 000 | 00698nam a2200193Ia 4500 | ||
|---|---|---|---|
| 003 | GCL | ||
| 008 | 140319s9999 xx 000 0 ara d | ||
| 040 |
_aGCL / _cGCL |
||
| 082 | 0 | 4 |
_a953.08 _bا د |
| 100 | 1 | _aاحمد ايبش | |
| 245 | 1 | 0 |
_aدمشق فى عصر سلاطين المماليك : _bمشاهد واحداث من نصوص ادب الرحلات العربية / _cاحمد ايبش |
| 250 | _aالاولى | ||
| 260 |
_aسوريا : _bدار الشرق للطباعة والنشر ، _c2005 |
||
| 300 |
_a638 ص ؛ _c24 سم |
||
| 650 | 0 | 4 | _aدولة المماليك |
| 650 | 0 | 4 | _aدمشق - تاريخ - عصر المماليك |
| 650 | 0 | 4 | _aفتح دمشق |
| 942 |
_2ddc _cBK |
||
| 999 |
_c10010 _d10010 |
||